00312nam a2200109Ia 4500008004000000082001700040100002700057245003900084260004400123300001100167650002400178210210b1995 xxu||||| |||| 00| 0 eng d a657.042 RAMT aRAMESH (S) and others. aText book of accountancy. I P U C. aMadras.bSaraswati House (P) Ltd.c1995 aiv,499 aAccountancy I PUC